Prensa y periodismo en Chile 1812-1956
Guardat en:
| Autor principal: | |
|---|---|
| Format: | Llibre |
| Idioma: | espanyol |
| Publicat: |
Santiago
Universidad de Chile
1958
|
| Matèries: | |
| Etiquetes: |
Afegir etiqueta
Sense etiquetes, Sigues el primer a etiquetar aquest registre!
|
MARC
| LEADER | 00000nam a2200000 a 4500 | ||
|---|---|---|---|
| 001 | UCY5471 | ||
| 003 | CL-VaPUC | ||
| 008 | 950508e19580000CL |||||||||||||||||spa|d | ||
| 082 | 0 | 4 | |a 079.83 |b SIL |2 21 |
| 100 | 0 | |a Silva Castro, Raúl |e author |9 334280 | |
| 245 | 1 | 0 | |a Prensa y periodismo en Chile 1812-1956 |
| 300 | |a 413 p | ||
| 942 | |c BK | ||
| 945 | |d 19950508 00:00:00 |a rbrito | ||
| 260 | |a Santiago |b Universidad de Chile |c 1958 | ||
| 650 | 0 | |a Prensa |9 258117 | |
| 650 | 0 | |a Periodismo |9 310113 | |
| 651 | 7 | |a CHILE |2 CL-VaPUC |9 334281 | |
| 583 | |a last modification |c 19950508 00:00:00 |k Rodrigo Vera | ||
| 999 | |c 233130 |d 233128 | ||
| 952 | |0 0 |1 0 |4 0 |6 079_830000000000000_SIL_1958 |7 0 |8 A |9 238343 |a BIBCUR |b BIBCUR |d 2019-11-18 |i 308034K |l 3 |o 079.83 SIL 1958 |p 308034K |r 2025-04-22 |s 2024-11-26 |w 2019-11-18 |y BK |k PER | ||
| 952 | |0 0 |1 0 |4 0 |6 079_830000000000000_SIL_1958 |7 0 |8 A |9 238344 |a BIBCUR |b BIBCUR |d 2019-11-18 |i 313220K |o 079.83 SIL 1958 |p 313220K |r 2025-04-22 |w 2019-11-18 |y BK |k PER | ||